Entry Personal Name
Number of records used in: 1
001 - CONTROL NUMBER
003 - CONTROL NUMBER IDENTIFIER
005 - DATE AND TIME OF LATEST TRANSACTION
- control field:
20230920134445.0
008 - FIXED-LENGTH DATA ELEMENTS
- fixed length control field:
800725n| azannaabn |a aaa
010 ## - LIBRARY OF CONGRESS CONTROL NUMBER
- LC control number:
n 80043303
035 ## - SYSTEM CONTROL NUMBER
- System control number:
(OCoLC)oca00425328
040 ## - CATALOGING SOURCE
- Original cataloging agency:
DLC
- Language of cataloging:
eng
- Transcribing agency:
DLC
- Description conventions:
rda
- Modifying agency:
DLC
- Modifying agency:
OCoLC
- Modifying agency:
IEN
- Modifying agency:
DLC
- Modifying agency:
NN
046 ## - SPECIAL CODED DATES
- Birth date:
1942-10-06
- Source of date scheme:
edtf
100 1# - HEADING--PERSONAL NAME
- Personal name:
Kottak, Conrad Phillip
370 ## - ASSOCIATED PLACE
- Associated country:
United States
- Source of term:
naf
372 ## - FIELD OF ACTIVITY
- Field of activity:
Anthropology
- Source of term:
lcsh
373 ## - ASSOCIATED GROUP
- Associated group:
University of Michigan
- Source of term:
naf
374 ## - OCCUPATION
- Occupation:
College teachers
- Occupation:
Authors
- Source of term:
lcsh
375 ## - GENDER
377 ## - ASSOCIATED LANGUAGE
400 1# - SEE FROM TRACING--PERSONAL NAME
- Personal name:
Perkins, Conrad Phillip Kottak
670 ## - SOURCE DATA FOUND
- Source citation:
His Anthropology, 1974.
670 ## - SOURCE DATA FOUND
- Source citation:
Mirror for humanity, 1998:
- Information found:
CIP t.p. (Conrad Phillip Kottak Perkins) galley (Ph.D., Columbia Univ., 1966; prof. and chair of anthropology, Univ. of Mich.)
670 ## - SOURCE DATA FOUND
- Source citation:
Info. converted from 678, 2012-10-02
- Information found:
(b. October 06, 1942)